000
00244nmm a2200085Ia 4500
008
220120s9999||||xx |||||||||||||||||und||
100
_a
Kuo, Sen M and Gan, Woon-Seng S
_9
7656
245
0
_a
Digital signal processors
260
_a
Springar publications
999
_c
139656
_d
139656